| 000 | 00369nam a2200121Ia 4500 | ||
|---|---|---|---|
| 008 | 220217s9999 xx 000 0 und d | ||
| 245 | 0 | _aSpecification for cement grouting hose of rubber with woven textile reinforcement. | |
| 260 | _c1969 | ||
| 500 | _aStandard number: IS 5137 | ||
| 650 | _aCement grouting hose | ||
| 650 | _aWoven textile reinforcement | ||
| 942 | _cST | ||
| 999 |
_c73820 _d73820 |
||